000 01463nam a2200277 a 4500
001 BRCA_2466
005 20190320203825.0
008 191108s1832----fr-a---###---#000-0#spa-u
041 _aspa
044 _afr
084 _a106
_b.F48
_c1832
100 1 _aCervantes Saavedra, Miguel de
_d1547-1616
_9213
245 1 0 _aEl Ingenioso Hidalgo Don Quijote de la Mancha
_ccompuesto por Miguel de Cervantes Saavedra.
260 _aParís
_bJoaquin Maria de Ferrer
_c1832
300 _a2 v.
_bil.
_c13 cm.
_e1 mapa
500 _aContenido : v 1. Primera parte. Retrato de Cervantes. Prólogo del editor. Principios de la edición príncipe. Prólogo del autor. Versos preliminares. Texto. -- v 2. Segunda parte. Principios de la edición príncipe. Dedicatoria. Prólogo del autor. Mapa de los viajes de D. Quijote. Texto
500 _aEs la segunda edición en miniatura publicada por J. Ma. de Ferrer y únicamente se diferencia de la primera en que lleva 2 láminas más y un apéndice con 3 documentos. La encuadernación y los adornos están muy inferiores a los de la primera edición Lúdovik Osterc
500 _aQM88
650 1 4 _aNovela española
_yÉpoca clásica, 1500-1700
_9215
650 1 4 _aLiteratura española
_yÉpoca clásica, 1500-1700
_9216
650 1 4 _aNovela española
_ySiglo XVII
_9217
650 1 4 _aDon Quijote (Personaje ficticio)
_eNovela
_9218
740 0 _aEl Ingenioso Hidalgo Don Quijote de la Mancha
902 _aQFM
942 _2lcc
_cB
999 _c2207
_d2207